à quel animé appartient ce personnage ? (avec images) - Statistiques

Statistiques générales
  • Ce quiz a été pris 2 433 fois
  • Le résultat moyen est 14 sur 20
Statistiques - réponses
Par images Réponse % Correct
Tokyo Ghoul
98%
Naruto
94%
Demon Slayer
93%
Hunter x Hunter
93%
One Piece
93%
L'attaque des titans
92%
Jujutsu Kaisen
90%
My Hero Academia
87%
Tokyo Revengers
87%
Seven Deadly Sins
83%
Vinland Saga
82%
Chainsaw Man
75%
Haikyuu
74%
Violet Evergarden
67%
Your Lie in April
52%
Banana Fish
46%
Fruits Basket
39%
Blue Spring Ride
24%
Wonder Egg Priority
23%
Anohana
22%
Aucun quiz correspondant
Distribution des résultats
% des personnes avec chaque résultat
Percentile par nombre de réponses
Votre historique - résultats
Vous n’avez pas pris ce quiz